<?xml version="1.0" encoding="UTF-8"?>
<record
    xmlns:xsi="http://www.w3.org/2001/XMLSchema-instance"
    xsi:schemaLocation="http://www.loc.gov/MARC21/slim http://www.loc.gov/standards/marcxml/schema/MARC21slim.xsd"
    xmlns="http://www.loc.gov/MARC21/slim">

  <leader>02664nam a22003137a 4500</leader>
  <controlfield tag="003">DO-SdBNP</controlfield>
  <controlfield tag="005">20210914125807.0</controlfield>
  <controlfield tag="008">210805b    2020 dr a b  00| 0 eng d</controlfield>
  <datafield tag="020" ind1=" " ind2=" ">
    <subfield code="a">9789945613674</subfield>
  </datafield>
  <datafield tag="040" ind1=" " ind2=" ">
    <subfield code="a">DO-SdBNP</subfield>
    <subfield code="b">spa</subfield>
    <subfield code="c">BPMSU </subfield>
  </datafield>
  <datafield tag="082" ind1=" " ind2=" ">
    <subfield code="a">972.9304</subfield>
    <subfield code="b">M976r 2020</subfield>
    <subfield code="2">22</subfield>
  </datafield>
  <datafield tag="100" ind1="1" ind2=" ">
    <subfield code="a">Murgueitio Manrique, Carlos Alberto</subfield>
    <subfield code="d"> </subfield>
  </datafield>
  <datafield tag="245" ind1="1" ind2="0">
    <subfield code="a"> La revoluci&#xF3;n francesa en La Espa&#xF1;ola : </subfield>
    <subfield code="b">Saint Domingue-Santo Domingo : (1789-1795) /</subfield>
    <subfield code="c">Carlos Alberto Murgueitio Manrique.</subfield>
  </datafield>
  <datafield tag="260" ind1=" " ind2=" ">
    <subfield code="a">Santo Domingo : </subfield>
    <subfield code="b">Archivo General de la Naci&#xF3;n, </subfield>
    <subfield code="c">2020.</subfield>
  </datafield>
  <datafield tag="300" ind1=" " ind2=" ">
    <subfield code="a">742  p. :</subfield>
    <subfield code="b">il., mapas ;</subfield>
    <subfield code="c">23 cm. </subfield>
  </datafield>
  <datafield tag="490" ind1="0" ind2=" ">
    <subfield code="a">Archivo General de la Naci&#xF3;n,</subfield>
    <subfield code="v">400</subfield>
  </datafield>
  <datafield tag="500" ind1=" " ind2=" ">
    <subfield code="a">Incluye referencias bibliogr&#xE1;ficas y notas al pie de las p&#xE1;ginas</subfield>
  </datafield>
  <datafield tag="500" ind1=" " ind2=" ">
    <subfield code="a">Incluye datos biogr&#xE1;ficos del autor en las solapas</subfield>
  </datafield>
  <datafield tag="504" ind1=" " ind2=" ">
    <subfield code="a">Bibliograf&#xED;a : p. 717-733</subfield>
  </datafield>
  <datafield tag="505" ind1="0" ind2=" ">
    <subfield code="a">Pr&#xF3;logo, 11.-- Cap&#xED;tulo 1. Saint Domingue, la joya del Caribe, 53.-- Las luces en la agricultura, 68.-- Territorio y poblaci&#xF3;n, 79.-- Las defensas, 102.-- Los esclavos, 119.-- La soci&#xE9;te dominguoise, 129.-- Conclusiones, 143.-- Cap&#xED;tulo 2. La Revoluci&#xF3;n Francesa en Saint Domingue, 147.-- Evangelios de libertad, 162.-- El vac&#xED;o de poder, 179.-- La guerra civil, 197.-- Los precursores de la igualdad, 209.-- La ca&#xED;da de l`ancien r&#xE9;gime, 233.-- Conclusiones, 242.-- Cap&#xED;tulo 3. Guerra en La Espa&#xF1;ola, 247.-- La gran insurrecci&#xF3;n, 265.-- La reacci&#xF3;n espa&#xF1;ola, 290.-- Un nuevo San Bartolom&#xE9;, 310.-- Francia intenta retomar el control, 325.-- Los negros del rey, 348.-- Conclusiones, 366.-- Cap&#xED;tulo 4. La revoluci&#xF3;n bajo asedio, 371.-- Espa&#xF1;a queda neutra, 387.-- &#xAB;La Vend&#xE9;e&#xBB; Noire, 405.-- La gens de couleur o los ciudadanos del 4 de abril, 420.-- La individualidad de la rep&#xFA;blica francesa, 440.-- La dictadura en los tr&#xF3;picos y la reconquista del Norte, 460.-- Espa&#xF1;a rechaza la Convenci&#xF3;n Nacional, 485.-- Conclusiones, 505.-- Cap&#xED;tulo 5. Espa&#xF1;a contra Francia, 509.-- Espa&#xF1;a entra en guerra, 529.-- La emancipaci&#xF3;n general de los esclavos, 550.-- El juego de las lealtades, 581.-- La reconquista espa&#xF1;ola, 607.-- Los &#xFA;ltimos bastiones de la rep&#xFA;blica, 628.-- La suerte de Espa&#xF1;a se invierte, 650.-- Conclusiones, 672.-- Ep&#xED;logo. La Espa&#xF1;ola vuelta francesa, 677.-- Bibliograf&#xED;a, 717.-- Anexos, 735.</subfield>
  </datafield>
  <datafield tag="590" ind1=" " ind2=" ">
    <subfield code="a">Inventariado, 2021 /VM
</subfield>
  </datafield>
  <datafield tag="650" ind1=" " ind2=" ">
    <subfield code="a"> </subfield>
  </datafield>
  <datafield tag="651" ind1=" " ind2="4">
    <subfield code="a">Rep&#xFA;blica Dominicana  </subfield>
    <subfield code="y">Gobierno colonial franc&#xE9;s 1789-1795</subfield>
    <subfield code="x">Historia </subfield>
  </datafield>
  <datafield tag="651" ind1=" " ind2="4">
    <subfield code="a">Francia</subfield>
    <subfield code="x">Historia </subfield>
    <subfield code="y">Revoluci&#xF3;n, 1789-1795</subfield>
  </datafield>
  <datafield tag="710" ind1="2" ind2=" ">
    <subfield code="a">Archivo General de la Naci&#xF3;n (Rep&#xFA;blica Dominicana)</subfield>
  </datafield>
  <datafield tag="830" ind1=" " ind2=" ">
    <subfield code="a">Archivo General de la Naci&#xF3;n ; </subfield>
    <subfield code="n">400</subfield>
  </datafield>
  <datafield tag="910" ind1=" " ind2=" ">
    <subfield code="a">VMateo V. </subfield>
  </datafield>
  <datafield tag="942" ind1=" " ind2=" ">
    <subfield code="2">ddc</subfield>
    <subfield code="c">BK</subfield>
  </datafield>
  <datafield tag="952" ind1=" " ind2=" ">
    <subfield code="0">0</subfield>
    <subfield code="1">0</subfield>
    <subfield code="2">ddc</subfield>
    <subfield code="4">0</subfield>
    <subfield code="7">0</subfield>
    <subfield code="8">CD</subfield>
    <subfield code="a">BPMET</subfield>
    <subfield code="b">BPMET</subfield>
    <subfield code="d">2021-09-14</subfield>
    <subfield code="e">AGN</subfield>
    <subfield code="l">0</subfield>
    <subfield code="o">BPMSU CD 972.9304 M976r 2020</subfield>
    <subfield code="p">BPMSU21090068</subfield>
    <subfield code="r">2021-09-14</subfield>
    <subfield code="w">2021-09-14</subfield>
    <subfield code="y">BK</subfield>
  </datafield>
  <datafield tag="952" ind1=" " ind2=" ">
    <subfield code="0">0</subfield>
    <subfield code="1">0</subfield>
    <subfield code="2">ddc</subfield>
    <subfield code="4">0</subfield>
    <subfield code="7">0</subfield>
    <subfield code="8">CD</subfield>
    <subfield code="a">BPMET</subfield>
    <subfield code="b">BPMET</subfield>
    <subfield code="d">2021-09-14</subfield>
    <subfield code="e">AGN</subfield>
    <subfield code="l">0</subfield>
    <subfield code="o">BPMSU CD 972.9304 M976r 2020</subfield>
    <subfield code="p">BPMSU25110103</subfield>
    <subfield code="r">2025-11-26</subfield>
    <subfield code="t">e.2</subfield>
    <subfield code="w">2021-09-14</subfield>
    <subfield code="y">BK</subfield>
  </datafield>
  <datafield tag="999" ind1=" " ind2=" ">
    <subfield code="c">13729</subfield>
    <subfield code="d">13729</subfield>
  </datafield>
</record>
